000 00747nam a2200205 a 4500
001 BRCA_8433
005 20190320210258.0
020 _a9786076053492
041 _aspa
050 4 _bM66 2015
245 1 0 _aLa monarquía hispánica en el arte.
260 _aMéxico
_bInstituto Nacional de Bellas Artes y Literatura : Museo Nacional de Arte
_c2015
300 _a379 p.
_bil. a color
_c26 cm.
500 _aIncluye lista de obra
500 _aCatálogo de la exposición realizada en el Museo Nacional de Arte (Ciudad de México), julio-octubre, 2015
500 _aIncluye piezas de la colección Franz Mayer: p. 195, 197, 209 y 214
504 _aIncluye referencias bibliográficas
546 _aTexto en : español e inglés
942 _2lcc
_cB
999 _c8100
_d8100